Estate Agents (Specified Offences) Order 1991 (Record no. 95974)

MARC details
000 -LEADER
fixed length control field 00521cam a2200193 4500
008 - FIXED-LENGTH DATA ELEMENTS--GENERAL INFORMATION
fixed length control field 090401t1991 xxu||||| |||| 00| 0 eng d
020 ## - INTERNATIONAL STANDARD BOOK NUMBER
International Standard Book Number 0110138600
035 ## - SYSTEM CONTROL NUMBER
System control number (Sirsi) u75228
041 ## - LANGUAGE CODE
Language code of text/sound track or separate title eng
245 ## - TITLE STATEMENT
Title Estate Agents (Specified Offences) Order 1991
260 ## - PUBLICATION, DISTRIBUTION, ETC.
Name of publisher, distributor, etc. HMSO
Date of publication, distribution, etc. 1991
300 ## - PHYSICAL DESCRIPTION
Extent 4p
350 ## - PRICE (NR) (BK AM CF MU VM SE) [OBSOLETE]
Price 1
490 ## - SERIES STATEMENT
Series statement SI
Volume/sequential designation 1991:860
520 ## - SUMMARY, ETC.
Summary, etc. Made 28 March 1991. Comes into force 13 May 1991.
690 ## - LOCAL SUBJECT ADDED ENTRY--TOPICAL TERM (OCLC, RLIN)
Topical term or geographic name as entry element MANAGEMENT-BUSINESS MANAGEMENT-PROFESSIONAL PRACTICE
942 ## - ADDED ENTRY ELEMENTS (KOHA)
Suppress in OPAC 0
948 ## - LOCAL PROCESSING INFORMATION (OCLC); SERIES PART DESIGNATOR (RLIN)
c (OCLC) 04/03/1997
Holdings
Withdrawn status Lost status Source of classification or shelving scheme Damaged status Not for loan Home library Current library Shelving location Date acquired Cost, normal purchase price Total Checkouts Full call number Barcode Date last seen Date last checked out Copy number Cost, replacement price Price effective from Koha item type
    Dewey Decimal Classification     London London Basement 23/12/1991 1.00 3 BASEMENT 30029797 06/08/2019 09/04/2003 1 1.00 06/08/2019 Book